Oldest lakes in the world - Statistics

General Stats
  • This quiz has been taken 10 times
  • The average score is 2 of 8
Answer Stats
Location Lake % Correct
Russia 🇷🇺 Lake Baikal
89%
Malawi 🇲🇼 Lake Malawi
67%
Tanzania🇹🇿 / DR Congo 🇨🇩 Lake Tanganyika
67%
Macedonia 🇲🇰 Lake Ohrid
11%
Euroasia Caspian Lake
0%
Japan 🇯🇵 Lake Biwa
0%
Philipines 🇵🇭 Lake Lanao
0%
Kazahstan 🇰🇿 Lake Zaysan
0%
No matching quizzes found
Score Distribution
Percent of People with Each Score
Percentile by Number Answered
Your Score History
You have not taken this quiz